Programy a fondy na podporu kultúry
Kultúra ako duchovný základ spoločnosti. Definicía pojmu kultúrne dedičstvo a programy EÚ poukazujúce na jeho dôležitosť. Podiel verejných výdavkov na kultúru. Verejné financovanie kultúry. Programy na podporu kultúrnych služieb (kultúrne poukazy, program Kreatívna Európa). Fondy ako finančná podpor...
Gespeichert in:
| 1. Verfasser: | |
|---|---|
| Format: | Buchkapitel |
| Sprache: | Slowakisch |
| Schlagworte: | |
| Tags: |
Keine Tags, Fügen Sie das erste Tag hinzu!
|
MARC
| LEADER | 00000naa a2200000 4500 | ||
|---|---|---|---|
| 001 | 0238658 | ||
| 005 | 20220805074043.6 | ||
| 041 | 0 | |a slo | |
| 044 | |a SK | ||
| 245 | 1 | 0 | |a Programy a fondy na podporu kultúry |c Dagmar Hrašková |
| 520 | |a Kultúra ako duchovný základ spoločnosti. Definicía pojmu kultúrne dedičstvo a programy EÚ poukazujúce na jeho dôležitosť. Podiel verejných výdavkov na kultúru. Verejné financovanie kultúry. Programy na podporu kultúrnych služieb (kultúrne poukazy, program Kreatívna Európa). Fondy ako finančná podpora v oblasti kultúry. Komerčná podpora a zahraničné financovanie kultúrnych služieb. | ||
| 610 | 2 | 0 | |a dedičstvo kultúrne |
| 610 | 2 | 0 | |a fondy peňažné |
| 610 | 2 | 0 | |a kultúra |
| 610 | 2 | 0 | |a financovanie |
| 610 | 2 | 0 | |a granty |
| 610 | 2 | 0 | |a výdavky verejné |
| 100 | 1 | |a Hrašková, Dagmar | |